Sống mòn

Đã lưu trong:
Sonraí Bibleagrafaíochta
Príomhúdar: Nam Cao (Tác giả)
Formáid: Leabhar
Teanga:Vietnamese
Foilsithe: H. Văn học 2005
Sraith:Tác phẩm Văn học trong nhà trường
Ábhair:
Clibeanna: Cuir Clib Leis
Gan Chlibeanna, Bí ar an gcéad duine leis an taifead seo a chlibeáil!
Thư viện lưu trữ: Mạng thư viện Đại học Đà Nẵng
LEADER 01093nam a2200349 4500
001 000005928
003 2081
005 20120417080437.0
008 110825s2005 viesd
020 |c 25000đ 
041 0 |a vie 
082 |a 895.9223  |b NA-C 
100 0 |a Nam Cao 
245 0 |a Sống mòn  |c Nam Cao  |c Nam Cao 
260 |a H.  |b Văn học  |c 2005 
300 |a 234 tr  |c 19 cm 
490 |a Tác phẩm Văn học trong nhà trường 
653 |a Văn học hiện đại 
653 |a Việt Nam 
653 |a Tiểu thuyết 
700 |a Nam Cao  |e Tác giả 
910 |a Nguyễn Thị Kim Oanh  |d 25/08/2011 
OWN |a LSP 
AVA |a UDN50  |b LSP  |d 895.9223 NA-C  |e available  |t Error 5001 Not defined in file expand_doc_bib_avail.  |f 10  |g 0  |h N  |i 0  |k 1 
999 |a From the UDN01 
AVA |a UDN50  |b LSP  |d 895.9223 NA-C  |e available  |t Error 5001 Not defined in file expand_doc_bib_avail.  |f 10  |g 0  |h N  |i 0  |k 1 
TYP |a Monograph 
TYP |a Printed language 
980 |a Mạng thư viện Đại học Đà Nẵng